000 00431pab a2200169 454500
008 180718b2003 xxu||||| |||| 00| 0 eng d
100 _aAhmad, Furqan
245 _aUnderstanding the Islamic law of divorce
260 _c2003
300 _ap.484-508.
362 _aJul-Dec
650 _aIslamic law
650 _aDivorce
650 _aFamily disorganization
773 _aJournal of the Indian Law Institute
909 _a60083
999 _c60083
_d60083